| 000 | 00721nam a2200205Ia 4500 | ||
|---|---|---|---|
| 003 | GCL | ||
| 008 | 140319s9999 xx 000 0 ara d | ||
| 020 | _a0331001977 | ||
| 040 |
_aGCL / _cGCL |
||
| 082 | 0 | 4 |
_a071.962 _bس م |
| 100 | 1 | _aسهام نصار | |
| 245 | 1 | 0 |
_aموقف الصحافة المصرية من الصهيونية 1897 - 1917 / _cسهام نصار |
| 260 |
_aالقاهرة : _bالهيئة المصرية العامة للكتاب ، _c1993 |
||
| 300 |
_a422 ص ؛ _c21 سم |
||
| 650 | 0 | 4 | _aالصحافة |
| 650 | 0 | 4 | _aالصحف المصرية |
| 650 | 0 | 4 | _aالصحافة - الجوانب السياسية |
| 650 | 0 | 4 | _aالصهيونية - الصحافة المصرية |
| 942 |
_2ddc _cBK |
||
| 999 |
_c52077 _d52077 |
||